[Event "AUTO-MASTER-2079"]
[Site "http://www.queenalice.com/game.php?id=1302995"]
[Date "2014.8.20"]
[Round "2"]
[White "jacconsultoria"]
[Black "omentus64"]
[Result "1-0"]
[WhiteElo "2206"]
[BlackElo "2102"]

1. c4 e5 2. Nc3 Nf6 3. g3 Bb4 4. Bg2 Bxc3 5. bxc3 O-O 6. Ba3 Re8 7. d4 e4 8. e3
d6 9. c5 d5 10. Ne2 c6 11. O-O Be6 12. Rb1 Qc8 13. Qb3 Re7 14. Nf4 Bf5 15. c4 g5
16. Ne2 Be6 17. cxd5 Bxd5 18. Qc2 Nbd7 19. Nc3 Re8 20. Nxd5 cxd5 21. Rfc1 Qc6
22. Bf1 a6 23. Rb3 Rec8 24. Rcb1 b5 25. Bc1 h6 26. Rb4 g4 27. a4 bxa4 28. Qxa4
Qxa4 29. Rxa4 Nb8 30. Rb6 Kg7 31. Bxa6 Nxa6 32. Rbxa6 Rxa6 33. Rxa6 Rb8 34. Bd2
Nh7 35. c6 Ng5 36. Kf1 Nf3 37. Bc3 Nxh2+ 38. Ke2 Nf3 39. c7 Rc8 40. Ba5 Ng5 41.
Rd6 Ne6 42. Rd8 Nxd8 43. cxd8=Q Rxd8 44. Bxd8 f5 45. Kd2 Kf7 46. Kc3 Ke6 47. Kb4
Kd7 48. Bh4 Kc6 49. Bf6 Kb6 50. Bg7 h5 51. Be5 Kc6 52. Ka5 Kb7 53. Kb5 Kc8 54.
Kc6 1-0

[Event "AUTO-MASTER-2079"]
[Site "http://www.queenalice.com/game.php?id=1302996"]
[Date "2014.8.20"]
[Round "2"]
[White "omentus64"]
[Black "jacconsultoria"]
[Result "1/2-1/2"]
[WhiteElo "2091"]
[BlackElo "2215"]

1. e4 c5 2. Bc4 g6 3. f4 Bg7 4. Nf3 Nc6 5. O-O d6 6. h3 Nf6 7. Nc3 Na5 8. Be2
O-O 9. d3 a6 10. Bd2 b5 11. Qe1 Bb7 12. Nd5 Nc6 13. Rb1 Nxd5 14. exd5 Nd4 15.
Nxd4 Bxd4+ 16. Kh1 Bxd5 17. Qg3 Bxa2 18. Rbe1 Bd5 19. f5 Bg7 20. b3 e6 21. Bg5
f6 22. Bf4 e5 23. Bd2 Qe8 24. c4 Bb7 25. Bf3 Bxf3 26. Qxf3 Qd7 27. Qd5+ Kh8 28.
g4 Rab8 29. Be3 Qb7 30. Qxb7 Rxb7 31. Ra1 bxc4 32. bxc4 Rb6 33. Ra5 Rfb8 34.
Rfa1 Rb1+ 35. Rxb1 Rxb1+ 36. Kg2 Rb6 37. Kf3 gxf5 38. gxf5 h5 39. Ke4 Kh7 40. h4
Bh6 41. Bxh6 Kxh6 42. Kd5 Kg7 43. Ke6 e4 44. Ra3 e3 45. Ra2 Rb3 46. Rg2+ Kf8 47.
Kxf6 Rxd3 48. Re2 a5 49. Kg6 a4 50. Kxh5 d5 51. cxd5 Rxd5 52. Kg6 Re5 53. h5 a3
54. h6 Kg8 55. f6 Re6 56. Kf5 a2 57. Re1 Re8 58. Kg6 Re6 59. h7+ Kh8 60. Kf5 Re8
61. f7 Ra8 62. Kf6 Ra6+ 63. Ke7 Ra7+ 64. Kf6 Ra6+ 65. Ke5 Ra8 66. Kf6 Ra6+ 67.
Ke5 Ra8 68. Kf6 1/2-1/2

[Event "AUTO-MASTER-2079"]
[Site "http://www.queenalice.com/game.php?id=1302997"]
[Date "2014.8.20"]
[Round "2"]
[White "CCapivara"]
[Black "omentus64"]
[Result "0-1"]
[WhiteElo "2138"]
[BlackElo "2084"]

1. e4 e6 2. d4 Be7 3. f4 b6 4. Nc3 Bb7 5. Nf3 Bh4+ 6. g3 Be7 7. Bg2 Nf6 8. Qe2
a5 9. Bd2 Bb4 10. Ne5 d6 11. Nd3 Nc6 12. Nxb4 axb4 13. Nb5 Ba6 14. d5 Nd4 15.
Qc4 Nxb5 16. dxe6 O-O 17. e5 d5 18. Qxb4 c5 19. exf7+ Rxf7 20. Qa4 Ne4 21. Bxe4
dxe4 22. Qxe4 Bb7 23. Qe2 Bxh1 24. Qxb5 Bf3 25. Qb3 Qd5 26. Qxb6 Qe4+ 0-1

[Event "AUTO-MASTER-2079"]
[Site "http://www.queenalice.com/game.php?id=1302998"]
[Date "2014.8.20"]
[Round "2"]
[White "omentus64"]
[Black "CCapivara"]
[Result "1-0"]
[WhiteElo "2096"]
[BlackElo "2076"]

1. e4 d6 2. d4 Nf6 3. Bd3 e5 4. dxe5 dxe5 5. Bg5 Be7 6. Nc3 O-O 7. h3 Be6 8. Nf3
Nbd7 9. O-O c6 10. Qe2 Qc7 11. a3 Rad8 12. Rad1 Rfe8 13. Bh4 Nh5 14. Bxe7 Rxe7
15. Ng5 Nf4 16. Qf3 h6 17. Nxe6 Nxe6 18. Bc4 Nd4 19. Qd3 Nc5 20. Qg3 b5 21. Bd3
a5 22. Rfe1 b4 23. axb4 axb4 24. Ne2 Nce6 25. b3 Nxe2+ 26. Bxe2 Rxd1 27. Rxd1
Nf4 28. Bc4 Rd7 29. Rxd7 Qxd7 30. Bd3 Kf8 31. Qe3 Nxd3 32. Qxd3 Qxd3 33. cxd3
Ke7 34. Kf1 Kd6 35. Ke2 Kc5 36. Ke3 g5 37. g3 h5 38. h4 f6 39. g4 Kd6 40. gxh5
Ke7 41. hxg5 fxg5 42. Kf3 Kf6 43. Kg4 1-0

[Event "AUTO-MASTER-2178"]
[Site "http://www.queenalice.com/game.php?id=1317748"]
[Date "2014.10.24"]
[Round "1"]
[White "tercer"]
[Black "omentus64"]
[Result "1-0"]
[WhiteElo "2061"]
[BlackElo "2072"]

1. e4 e6 2. d4 d5 3. Nc3 Bb4 4. e5 Bxc3+ 5. bxc3 Ne7 6. Qg4 Ng6 7. h4 h5 8. Qg3
c5 9. Bd3 Qe7 10. Nf3 c4 11. Bxg6 fxg6 12. Qxg6+ Qf7 13. Qg3 Nc6 14. O-O Ne7 15.
Ba3 Bd7 16. Rab1 Nf5 17. Qg5 Bc6 18. Bc5 b6 19. Bb4 a5 20. Bd6 b5 21. a4 Nxd6
22. exd6 Qf6 23. axb5 Qxg5 24. Nxg5 Bd7 25. b6 O-O 26. b7 Rab8 27. Nf3 Ba4 28.
Ne5 Rfd8 29. Rb6 Bxc2 30. Ra1 a4 31. d7 Kh7 32. Nc6 Rxd7 33. Nxb8 1-0

[Event "AUTO-MASTER-2178"]
[Site "http://www.queenalice.com/game.php?id=1317749"]
[Date "2014.10.24"]
[Round "1"]
[White "omentus64"]
[Black "tercer"]
[Result "0-1"]
[WhiteElo "2049"]
[BlackElo "2105"]

1. e4 e5 2. Bc4 Nf6 3. d3 Nc6 4. a3 Be7 5. Nf3 O-O 6. O-O d5 7. exd5 Nxd5 8. h3
Kh8 9. Bxd5 Qxd5 10. Nc3 Qd8 11. Be3 Bf5 12. Nh2 Kg8 13. f4 exf4 14. Bxf4 Bc5+
15. Kh1 Qd7 16. Na4 Bd4 17. c3 Bf6 18. Nc5 Qc8 19. Qf3 Bg6 20. d4 h5 21. Ne4 Be7
22. Rae1 Rd8 23. Nd2 Bf6 24. Nc4 a6 25. Ne5 Nxe5 26. dxe5 Bh4 27. Rd1 c6 28.
Rxd8+ Qxd8 29. Rd1 Qe8 30. Nf1 Rd8 31. Rxd8 Bxd8 32. Ne3 Qe6 33. Qd1 Bb6 34. Qd6
Qb3 35. Qb4 Qxb4 36. axb4 Bd3 37. Kg1 Bc7 38. Kf2 f6 39. Ke1 fxe5 40. Bg3 Kf7
41. Kd2 Be4 42. c4 Kf6 43. h4 Ke6 44. Be1 Bb6 45. g3 Bd4 46. b3 g6 47. Bf2 b6
48. Bg1 b5 49. c5 Kf6 50. Bf2 Ke6 51. Bg1 Kf6 52. Bf2 Ke6 0-1

[Event "AUTO-MASTER-2178"]
[Site "http://www.queenalice.com/game.php?id=1317766"]
[Date "2014.10.24"]
[Round "1"]
[White "omentus64"]
[Black "Donyelko"]
[Result "0-1"]
[WhiteElo "2116"]
[BlackElo "1975"]

1. e4 c5 2. Bc4 e6 3. e5 d5 4. exd6 Bxd6 5. Nf3 Nf6 6. O-O O-O 7. a3 a6 8. Nc3
b5 9. Be2 Bb7 10. d3 h6 11. Be3 Nbd7 12. h3 Nd5 13. Nxd5 Bxd5 14. Qd2 Qf6 15. c3
Ne5 16. Nxe5 Qxe5 17. f4 Qf6 18. Bf3 Rad8 19. Bxd5 exd5 20. Qf2 c4 21. d4 Rfe8
22. Rae1 Re4 23. Bd2 Rde8 24. Rxe4 Rxe4 25. g3 h5 26. Re1 Qe6 27. Rxe4 Qxe4 28.
Qe1 f5 29. Qxe4 fxe4 30. Kg2 Kf7 31. g4 Kg6 32. Kg3 Be7 33. f5+ Kf6 34. Bf4 hxg4
35. hxg4 g5 36. fxg6 Kxg6 37. Be3 a5 38. Bd2 Bg5 39. Bf4 a4 40. Bxg5 Kxg5 41.
Kf2 Kxg4 42. Ke3 Kf5 43. Ke2 Kf4 44. Kf2 e3+ 45. Ke2 Ke4 46. Ke1 Kd3 47. Kd1 e2+
0-1

[Event "AUTO-MASTER-2178"]
[Site "http://www.queenalice.com/game.php?id=1317767"]
[Date "2014.10.24"]
[Round "1"]
[White "Donyelko"]
[Black "omentus64"]
[Result "0-1"]
[WhiteElo "1972"]
[BlackElo "2108"]

1. e4 e6 2. d4 d5 3. e5 c5 4. c3 Nc6 5. Nf3 cxd4 6. cxd4 Bb4+ 7. Nc3 Nge7 8. a3
Bxc3+ 9. bxc3 a6 10. c4 dxc4 11. Bxc4 b5 12. Bb3 Bb7 13. O-O Na5 14. Ba2 O-O 15.
Be3 Nf5 16. Bb1 Nxe3 17. fxe3 Nc4 18. Qd3 g6 19. Nd2 Bd5 20. e4 Nxd2 21. Qxd2
Bc4 22. Rd1 Qb6 23. Kh1 Rfd8 24. Ba2 Rac8 25. Rac1 Bxa2 26. Rxc8 Rxc8 27. Qxa2
Rc4 28. Qb2 Qc7 29. h3 Rc2 30. Qb1 Qc4 31. d5 Qxe4 0-1

[Event "AUTO-MASTER-2178"]
[Site "http://www.queenalice.com/game.php?id=1317768"]
[Date "2014.10.24"]
[Round "1"]
[White "omentus64"]
[Black "arthurgomes"]
[Result "0-1"]
[WhiteElo "2077"]
[BlackElo "1938"]

1. e4 e5 2. Bc4 Nf6 3. d3 d5 4. exd5 Bc5 5. Bg5 h6 6. Bxf6 Qxf6 7. Qf3 Qd6 8.
Nc3 Bb4 9. Ne2 O-O 10. O-O f5 11. Nb5 Qf6 12. Nxc7 g5 13. Qh5 Bd6 14. Nxa8 Bd7
15. Ng3 Be8 16. Qe2 b5 17. Bb3 a5 18. a3 a4 19. Ba2 Kh7 20. Nb6 Bc5 21. Na8 Na6
22. Rfe1 Bd6 23. c4 Nc5 24. Qc2 h5 25. b4 axb3 26. Bxb3 h4 27. Ne2 Bd7 28. Nb6
Be8 29. Nc3 bxc4 30. Bxc4 Bc7 31. Nba4 Nxa4 32. Nxa4 Bd6 33. Rab1 e4 34. dxe4
fxe4 35. Rb7+ Kh6 36. Nc3 Bg6 37. Qd2 Bc5 38. Nxe4 Bxe4 39. Rxe4 Bxf2+ 40. Kh1
Qa1+ 41. Re1 Qxe1+ 42. Qxe1 Bxe1 43. Rb1 Bc3 44. a4 Rf4 45. Bb5 Rd4 46. Bc6 Ba5
47. Kg1 g4 48. Kf1 Kg5 49. Rb2 Kf4 50. Ke2 Re4+ 51. Kf2 g3+ 52. hxg3+ hxg3+ 53.
Kf1 Re1# 0-1

[Event "AUTO-MASTER-2178"]
[Site "http://www.queenalice.com/game.php?id=1317769"]
[Date "2014.10.24"]
[Round "1"]
[White "arthurgomes"]
[Black "omentus64"]
[Result "1-0"]
[WhiteElo "1942"]
[BlackElo "2100"]

1. e4 e6 2. d4 Be7 3. Nf3 Nf6 4. e5 Nd5 5. c4 Nb6 6. c5 Nd5 7. Bd3 Nc6 8. a3 a6
9. b4 O-O 10. O-O f5 11. g3 d6 12. Bb2 dxe5 13. dxe5 Bg5 14. Nxg5 Qxg5 15. Bc1
f4 16. Be4 Qxe5 17. Bxd5 Qxa1 18. Bxf4 Qf6 19. Bc4 b5 20. Ba2 Kh8 21. Bxc7 Bb7
22. Bd6 Nd4 23. f4 Nf3+ 24. Rxf3 Bxf3 25. Qxf3 Qd4+ 26. Kh1 Rfe8 27. Be5 Qd8 28.
Bd6 Qf6 29. Be5 Qg6 30. Nc3 Rad8 31. Bb1 Qf7 32. Ne4 Qf5 33. Qe2 Kg8 34. Nf6+
Qxf6 35. Bxf6 gxf6 36. c6 Rc8 37. Qc2 Re7 38. Qc5 Rec7 39. Be4 f5 40. Bf3 Rd8
41. Qb6 Rcc8 42. Qxa6 1-0

[Event "Challenge"]
[Site "http://www.queenalice.com/game.php?id=1327808"]
[Date "2014.12.13"]
[Round "-"]
[White "Zugswang"]
[Black "omentus64"]
[Result "1/2-1/2"]
[WhiteElo "2163"]
[BlackElo "2056"]

1. e4 e6 2. d4 d5 3. Nd2 dxe4 4. Nxe4 Be7 5. Nf3 Nf6 6. Bd3 b6 7. O-O Bb7 8. Re1
Nbd7 9. c4 O-O 10. h3 Nxe4 11. Bxe4 Bxe4 12. Rxe4 Nf6 13. Re2 c5 14. Be3 Qc7 15.
b3 Rfd8 16. Qc2 Rd7 17. Ne5 Rdd8 18. Rd1 Bd6 19. f4 Nh5 20. g4 f6 21. gxh5 fxe5
22. dxe5 Be7 23. Rg2 Rxd1+ 24. Qxd1 Bd8 25. Qg4 Qf7 26. h6 g6 27. Rd2 Qf5 28.
Qf3 Rb8 29. Rd7 Bg5 30. Kg2 Bxh6 31. Rxa7 Rf8 32. Qb7 Rf7 33. Qxf7+ Qxf7 34.
Rxf7 Kxf7 35. Kf3 Ke7 36. a3 Kd7 37. b4 cxb4 38. axb4 Kc7 39. Ke4 Bf8 40. Bd2
Be7 41. Kd4 Kc6 42. Kc3 Kb7 43. Be3 Kc6 44. Kb3 Kb7 45. Ka4 Ka6 46. Bd2 Bh4 47.
Be3 Be7 48. Bd2 Bh4 49. Kb3 Be7 50. Be3 Kb7 51. c5 b5 52. Kc3 Kc6 53. Kd4 h6 54.
Ke4 Bd8 55. Bd2 Be7 56. Be1 Bd8 57. h4 h5 58. Bf2 Be7 59. Kd4 Bd8 60. Be1 Be7
61. Bg3 Bd8 62. Ke4 Be7 63. Bf2 Bd8 64. Be1 Be7 65. Kd4 Bd8 66. Bg3 Be7 67. Bf2
Bf8 68. Be1 Be7 1/2-1/2

[Event "AUTO-MASTER-2209"]
[Site "http://www.queenalice.com/game.php?id=1328103"]
[Date "2014.12.14"]
[Round "1"]
[White "omentus64"]
[Black "rpalmero"]
[Result "1-0"]
[WhiteElo "2058"]
[BlackElo "1996"]

1. e4 c5 2. Nf3 e6 3. d4 cxd4 4. Nxd4 Nc6 5. Nxc6 bxc6 6. Bd3 Nf6 7. O-O Qc7 8.
Nc3 Bc5 9. Be3 Bxe3 10. fxe3 Qe5 11. Qf3 O-O 12. Qf4 Qc5 13. e5 Nd5 14. Nxd5
cxd5 15. a3 Bb7 16. b4 Qb6 17. Qg3 d4 18. e4 Rfd8 19. Qf4 Rf8 20. h4 Rad8 21. h5
d6 22. h6 dxe5 23. Qg5 g6 24. Qf6 1-0

[Event "AUTO-MASTER-2209"]
[Site "http://www.queenalice.com/game.php?id=1328104"]
[Date "2014.12.14"]
[Round "1"]
[White "rpalmero"]
[Black "omentus64"]
[Result "1/2-1/2"]
[WhiteElo "1993"]
[BlackElo "2061"]

1. c4 d5 2. cxd5 Qxd5 3. Nc3 Qd8 4. Nf3 Nf6 5. d4 e6 6. Bf4 Bb4 7. e3 Ne4 8.
Qa4+ Nc6 9. Qc2 f5 10. Bd3 O-O 11. Bxe4 Bxc3+ 12. bxc3 fxe4 13. Qxe4 Bd7 14. O-O
Re8 15. Bg5 Qc8 16. Ne5 Nxe5 17. Qxe5 Rf8 18. f4 Rf5 19. Qe4 Bc6 20. Qd3 Qe8 21.
e4 Rf8 22. f5 exf5 23. exf5 Qe4 24. Qxe4 Bxe4 25. f6 gxf6 26. Rxf6 Rxf6 27. Bxf6
Kf7 28. Be5 Rc8 29. Rf1+ Ke6 30. Rf6+ Kd5 31. Kf2 Kc4 32. Rf4 Bc6 33. Rh4 Rf8+
34. Ke3 Rf7 35. g3 Rf3+ 36. Kd2 Rf2+ 37. Ke3 Rf3+ 38. Kd2 Rf2+ 39. Ke3 Rf3+
1/2-1/2

[Event "AUTO-MASTER-2209"]
[Site "http://www.queenalice.com/game.php?id=1328105"]
[Date "2014.12.14"]
[Round "1"]
[White "omentus64"]
[Black "guy92"]
[Result "1-0"]
[WhiteElo "2055"]
[BlackElo "1940"]

1. e4 e5 2. Bc4 Nf6 3. d3 Nc6 4. a3 d5 5. exd5 Nxd5 6. Nf3 Bg4 7. h3 Bxf3 8.
Qxf3 Nf6 9. Bg5 Be7 10. c3 O-O 11. O-O Nd7 12. Be3 Bd6 13. Qg4 Nf6 14. Qh4 Be7
15. Bg5 Nd7 16. Bxe7 Qxe7 17. Qxe7 Nxe7 18. Nd2 Ng6 19. Ne4 a6 20. a4 c6 21.
Rfd1 b5 22. axb5 axb5 23. Rxa8 Rxa8 24. Bb3 Kf8 25. d4 exd4 26. Rxd4 Nde5 27.
Nc5 Ke8 28. Re4 Kd8 29. f4 Nd7 30. Nxd7 Kxd7 31. Bxf7 Ne7 32. Rd4+ Kc7 33. Be6
Rd8 34. Rxd8 Kxd8 35. Kf2 Ng6 36. Kf3 Nf8 37. Bg8 Ke7 38. f5 h6 39. Ke4 Kf6 40.
g4 Nd7 41. Kd4 c5+ 42. Kd5 Ke7 43. Be6 Nf8 44. Kxc5 Nxe6+ 45. fxe6 Kxe6 46. Kxb5
Kd6 47. c4 Kc7 48. Kc5 g6 49. b4 h5 50. g5 Kb7 51. Kd6 Kc8 52. Ke6 Kd8 53. Kf6
1-0

[Event "AUTO-MASTER-2209"]
[Site "http://www.queenalice.com/game.php?id=1328106"]
[Date "2014.12.14"]
[Round "1"]
[White "guy92"]
[Black "omentus64"]
[Result "1/2-1/2"]
[WhiteElo "1950"]
[BlackElo "2066"]

1. d4 d5 2. c4 dxc4 3. Nc3 a6 4. a4 e5 5. d5 Bb4 6. e4 Nf6 7. Bxc4 Nxe4 8. Qb3
Bxc3+ 9. bxc3 Nc5 10. Qa2 Bd7 11. Nf3 e4 12. Ne5 Qe7 13. Nxd7 Nbxd7 14. O-O Ne5
15. Ba3 b6 16. Rfe1 Qh4 17. Bxc5 bxc5 18. a5 O-O 19. Bf1 Qg4 20. Kh1 Kh8 21. Qe2
Qxe2 22. Rxe2 f5 23. f3 Ng6 24. fxe4 fxe4 25. Rxe4 Rf2 26. Rae1 h6 27. Bd3 Raf8
28. Bxa6 Ra2 29. Bd3 Rff2 30. Re8+ Kh7 31. Rg1 Rxa5 32. Re7 Rd2 33. Be4 Ra4 34.
Re1 Ra6 35. Rxc7 Kg8 36. Rxc5 Ne5 37. Rc8+ Kf7 38. Rf1+ Ke7 39. Rc7+ Kd6 40.
Rxg7 Raa2 41. Rf6+ Kc5 42. Rc7+ Kb5 43. Rf1 Nd3 44. Bxd3+ Rxd3 45. Rb1+ Ka6 46.
c4 Rdd2 47. Rc6+ Ka7 48. Rg1 h5 49. d6 h4 50. Rc7+ Ka6 51. h3 Rxd6 52. Rc8 Kb7
53. Rc5 Rc6 54. Rxc6 Kxc6 55. g3 Ra3 56. g4 Rxh3+ 57. Kg2 Rc3 58. Rh1 Rxc4 59.
Rxh4 Kd6 60. Rh6+ Ke7 61. Kg3 Kf7 62. Kh4 Kg7 63. Ra6 Rc7 64. g5 Kh7 65. Kh5 Re7
66. Ra8 Rb7 67. Re8 Rd7 68. Rc8 Re7 69. Rd8 Rc7 70. Rd6 Ra7 71. Re6 Rd7 72. Ra6
Rb7 73. Ra5 Rc7 74. Rf5 Rd7 75. g6+ Kg7 76. Rf7+ Rxf7 77. gxf7 Kxf7 78. Kg5 Ke6
1/2-1/2

[Event "AUTO-MASTER-2209"]
[Site "http://www.queenalice.com/game.php?id=1328107"]
[Date "2014.12.14"]
[Round "1"]
[White "omentus64"]
[Black "artegasparphb"]
[Result "0-1"]
[WhiteElo "2035"]
[BlackElo "2164"]

1. e4 e5 2. Bc4 Nf6 3. d3 Bb4+ 4. c3 Be7 5. Nf3 d6 6. a3 O-O 7. h3 b6 8. Be3 Nc6
9. Nbd2 Bb7 10. O-O a5 11. Ba2 Ba6 12. Bc4 b5 13. Ba2 b4 14. c4 Rb8 15. axb4
Nxb4 16. Nb3 c5 17. Qe2 Nxa2 18. Rxa2 Rxb3 19. Rfa1 Qb8 20. Rxa5 Rxb2 21. Qe1
Bb7 22. Qc1 Bc6 23. Ra6 Rb6 24. Ra7 Rb7 25. Rxb7 Qxb7 26. Rb1 Qc7 27. Qb2 Nd7
28. Qc2 h6 29. Qd2 Rb8 30. Rxb8+ Qxb8 31. g3 f5 32. Nh2 fxe4 33. dxe4 Qb1+ 34.
Qc1 Qxc1+ 35. Bxc1 Bxe4 36. f3 Bd3 37. Kf2 Bxc4 38. Ng4 Nf6 39. Ne3 Be6 40. h4
d5 41. Nc2 e4 42. fxe4 Nxe4+ 43. Kf3 Bd6 44. Bf4 Bxf4 45. gxf4 Kf7 46. Ke3 Kg6
47. Ne1 Kf5 48. Nd3 Kg4 49. Ne1 Kxh4 50. Nf3+ Kg4 51. Ne5+ Kf5 52. Nf3 d4+ 53.
Nxd4+ cxd4+ 0-1

[Event "AUTO-MASTER-2209"]
[Site "http://www.queenalice.com/game.php?id=1328108"]
[Date "2014.12.14"]
[Round "1"]
[White "artegasparphb"]
[Black "omentus64"]
[Result "1-0"]
[WhiteElo "2177"]
[BlackElo "2060"]

1. e4 e6 2. Nf3 d5 3. exd5 exd5 4. d4 Be7 5. Nc3 Nf6 6. Be3 Bg4 7. Be2 O-O 8.
O-O Nbd7 9. Ne5 Bxe2 10. Qxe2 Nxe5 11. dxe5 Ne4 12. Nxe4 dxe4 13. Rad1 Qc8 14.
Bd4 Qf5 15. Rfe1 c5 16. Bc3 Rad8 17. Rxd8 Rxd8 18. Qxe4 Qxe4 19. Rxe4 Rd1+ 20.
Re1 Rxe1+ 21. Bxe1 f6 22. exf6 Bxf6 23. b3 Kf7 24. c4 Ke6 25. f3 Bd4+ 26. Bf2
Ke5 27. g4 Bxf2+ 28. Kxf2 Kd4 29. f4 a5 30. f5 h6 31. h4 a4 32. g5 Ke5 33. f6
Ke6 34. fxg7 Kf7 35. gxh6 1-0

[Event "AUTO-MASTER-2321"]
[Site "http://www.queenalice.com/game.php?id=1368859"]
[Date "2015.7.1"]
[Round "1"]
[White "preza"]
[Black "omentus64"]
[Result "1-0"]
[WhiteElo "2148"]
[BlackElo "2062"]

1. e4 e6 2. d4 d5 3. Nc3 Bb4 4. e5 Bxc3+ 5. bxc3 Ne7 6. Qg4 Ng6 7. h4 h5 8. Qg3
Nc6 9. Bd3 Nce7 10. Ne2 Nf5 11. Bxf5 exf5 12. Rb1 b6 13. Bg5 Qd7 14. Qf3 Qe6 15.
Kd2 Ba6 16. Ng3 Bc8 17. c4 c6 18. Nxh5 Rh7 19. Ng3 f4 20. Ne2 f6 21. exf6 gxf6
22. Nxf4 Qf7 23. Nxg6 fxg5 24. Qe3+ Be6 25. Ne5 Qf4 26. hxg5 Qxe3+ 27. Kxe3 Rxh1
28. Rxh1 Rc8 29. Rh8+ 1-0

[Event "AUTO-MASTER-2321"]
[Site "http://www.queenalice.com/game.php?id=1368860"]
[Date "2015.7.1"]
[Round "1"]
[White "omentus64"]
[Black "preza"]
[Result "0-1"]
[WhiteElo "2075"]
[BlackElo "2138"]

1. e4 c5 2. Nf3 d6 3. Be2 Nf6 4. d3 g6 5. Nc3 Bg7 6. Be3 O-O 7. h3 Nc6 8. Qd2
Re8 9. O-O a6 10. Bh6 Be6 11. Bxg7 Kxg7 12. Nh2 Qb6 13. Rab1 Nd4 14. f4 c4 15.
Kh1 Nxe2 16. Nxe2 cxd3 17. cxd3 Bxa2 18. Rbc1 Kh8 19. e5 Nd7 20. e6 Bxe6 21.
Qc3+ Nf6 22. Ng3 Rec8 23. Qd2 Kg7 24. Ne4 Nd5 25. Ng5 Bd7 26. Ne4 Qe3 27. Qxe3
Nxe3 28. Rfe1 Rxc1 0-1

[Event "AUTO-MASTER-2321"]
[Site "http://www.queenalice.com/game.php?id=1368871"]
[Date "2015.7.1"]
[Round "1"]
[White "jartuga99"]
[Black "omentus64"]
[Result "0-1"]
[WhiteElo "2063"]
[BlackElo "2042"]

1. e4 e6 2. d4 d5 3. e5 c5 4. c3 Nc6 5. Bb5 Bd7 6. Ba4 cxd4 7. cxd4 Qa5+ 8. Nc3
Bb4 9. Bd2 Nxd4 10. Bxd7+ Kxd7 11. a3 Be7 12. Nce2 Qb6 13. Be3 Qa6 14. Bxd4 Nh6
15. Ng3 Rhc8 16. N1e2 Nf5 17. Nxf5 exf5 18. O-O Qg6 19. Qa4+ Qc6 20. Nc3 Qxa4
21. Nxa4 Rc4 22. Nb6+ axb6 23. e6+ fxe6 24. Bxg7 Rc2 25. Rac1 Rac8 26. Rxc2 Rxc2
27. Bc3 Bc5 28. Be5 Kc6 29. g3 Re2 30. h4 Rxe5 31. Rc1 Kd6 32. Kf1 b5 33. b4 Bb6
34. Rc8 d4 35. Rc1 Rd5 36. f4 d3 37. Rd1 e5 38. fxe5+ Kxe5 39. Kg2 h5 40. Kf3
Kd4 41. a4 bxa4 42. Rb1 Kc3 0-1

[Event "AUTO-MASTER-2321"]
[Site "http://www.queenalice.com/game.php?id=1368872"]
[Date "2015.7.1"]
[Round "1"]
[White "omentus64"]
[Black "jartuga99"]
[Result "1-0"]
[WhiteElo "2024"]
[BlackElo "2074"]

1. e4 c5 2. Nf3 d6 3. Bc4 e6 4. O-O a6 5. a3 b5 6. Ba2 c4 7. d3 d5 8. exd5 exd5
9. dxc4 bxc4 10. Qe2+ Be6 11. Ng5 Qf6 12. Nxe6 fxe6 13. Nc3 Ne7 14. Re1 Kf7 15.
Bf4 Nd7 16. Nb5 axb5 17. c3 g6 18. Bg3 Nc5 19. Be5 Qf5 20. Bxh8 Nd3 21. Rf1 Nc6
22. Rad1 Bxa3 23. Bb1 Bxb2 24. Bxd3 cxd3 25. Rxd3 Ke7 26. Rf3 Qh5 27. Qxb5 Rxh8
28. Qxc6 1-0

[Event "AUTO-MASTER-2321"]
[Site "http://www.queenalice.com/game.php?id=1368877"]
[Date "2015.7.1"]
[Round "1"]
[White "valdenicio"]
[Black "omentus64"]
[Result "1-0"]
[WhiteElo "2266"]
[BlackElo "2084"]

1. d4 e6 2. c4 d5 3. Nc3 a6 4. cxd5 exd5 5. h3 Bb4 6. Nf3 Bxc3+ 7. bxc3 h6 8.
Ba3 Ne7 9. e3 Nbc6 10. Bd3 Be6 11. O-O Qd7 12. Re1 g5 13. Rb1 b5 14. e4 g4 15.
hxg4 Bxg4 16. exd5 O-O-O 17. dxc6 Nxc6 18. Be4 f5 19. Bxc6 Qxc6 20. Qd3 Bxf3 21.
Qxf3 Qxf3 22. gxf3 Rhg8+ 23. Kf1 Rg6 24. Re5 Rdg8 25. Ke2 f4 26. Rh1 Kb7 27.
Reh5 Re8+ 28. Kd3 Rg2 29. R5h2 Rxh2 30. Rxh2 Re6 31. Bf8 a5 32. Rxh6 Re1 33. Rf6
Rb1 34. a3 Rb2 35. Rxf4 Rxf2 36. Bc5 Rh2 37. Rf8 Rh7 38. d5 Rd7 39. Ke4 Rg7 40.
f4 Rd7 41. f5 b4 42. cxb4 a4 43. f6 Ka6 44. f7 Kb5 45. Rb8+ Kc4 46. f8=Q Rxd5
47. Qf1+ Kb3 48. Kxd5 Kxa3 49. Qd3+ Ka2 50. Rf8 1-0

[Event "AUTO-MASTER-2321"]
[Site "http://www.queenalice.com/game.php?id=1368878"]
[Date "2015.7.1"]
[Round "1"]
[White "omentus64"]
[Black "valdenicio"]
[Result "1-0"]
[WhiteElo "2059"]
[BlackElo "2276"]

1. e4 c5 2. d4 cxd4 3. Qxd4 Nc6 4. Qd1 Nf6 5. Bd3 e5 6. Bg5 Be7 7. Nf3 d6 8. h3
Be6 9. Nc3 O-O 10. Qd2 a6 11. a3 Qc7 12. Bxf6 Bxf6 13. Nd5 Bxd5 14. exd5 Ne7 15.
Be4 g6 16. O-O Bg7 17. Nh2 f5 18. Bf3 Rac8 19. c3 h6 20. Bd1 Kh7 21. Bb3 e4 22.
Rac1 Qb6 23. Ba2 g5 24. Kh1 Ng6 25. Rc2 Nf4 26. h4 Rce8 27. g3 Nd3 28. hxg5 e3
29. Qxd3 hxg5 30. Nf3 Kg6 31. Kg2 Rh8 32. Re2 Bf6 33. Bb1 Re4 34. Rxe3 g4 35.
Rxe4 gxf3+ 36. Qxf3 fxe4 37. Qxe4+ Kg7 38. Qg6+ 1-0